| 000 | 00800nam a2200241 a 4500 | ||
|---|---|---|---|
| 001 | BRCA_4427 | ||
| 005 | 20190320204652.0 | ||
| 008 | 200810s1967----mx-a######---#000-0#spa-# | ||
| 041 | _aspa | ||
| 044 | _amx | ||
| 050 | 4 |
_aN8 _b.A53 5 _c1967 |
|
| 245 | 1 | 0 |
_aAnales del Instituto de Investigaciones Estéticas _cdirector Justino Fernández. |
| 260 |
_aMéxico _bUNAM, Instituto de Investigaciones Estéticas _c1967 |
||
| 300 |
_a126 p. _bil. _c23 cm. |
||
| 440 | 0 |
_aAnales del Instituto de Investigaciones Estéticas _v36, vol. IX _911239 |
|
| 500 | _aIncluye sumario e índice alfabético | ||
| 500 | _aVer también AM31, CFG37, CFG58, CFG59, CFG61 y H30 | ||
| 500 | _aCFG60 | ||
| 650 | 1 | 4 |
_aArte colonial _zMéxico _911240 |
| 700 | 1 |
_aFernández, Justino _9906 |
|
| 902 | _aGFM | ||
| 942 |
_2lcc _cB |
||
| 999 |
_c4136 _d4136 |
||